Statistics for 中国内地座机电话区号对应地区Regions corresponding to landline telephone codes

Click here to take the quiz!

General Stats

  • This quiz has been taken 32 times
  • The average score is 41 of 322

Answer Stats

座机电话区号行政区% Correct
010北京市
97%
021上海市
73%
023重庆市
70%
022天津市
67%
020广州市
67%
028成都市
53%
029西安市
53%
025南京市
53%
024沈阳市
53%
027武汉市
50%
0311石家庄市
47%
0312保定市
43%
0313张家口市
40%
0314承德市
37%
0335秦皇岛市
33%
0371郑州市/开封市
33%
0355长治市
33%
0352大同市
33%
0351太原市
33%
0354晋中市
33%
0316廊坊市
33%
0310邯郸市
30%
0318衡水市
30%
0353阳泉市
30%
0317沧州市
30%
0356晋城市
30%
0315唐山市
30%
0359运城市
30%
0319邢台市
27%
0358吕梁市
27%
0350忻州市
27%
0349朔州市
27%
0572湖州市
23%
0375平顶山市
23%
0452齐齐哈尔市
23%
0451哈尔滨市
23%
0372安阳市
23%
0357临汾市
23%
0471呼和浩特市
20%
0472包头市
20%
0531济南市
20%
0532青岛市
20%
0571杭州市
20%
0431长春市
20%
0577温州市
20%
0573嘉兴市
20%
0574宁波市
20%
0575绍兴市
20%
0576台州市
20%
0454佳木斯市
20%
0579金华市
20%
0456黑河市
20%
0570衢州市
20%
0580舟山市
20%
0591福州市
20%
0592厦门市
20%
0593宁德市
20%
0594莆田市
20%
0595泉州市
20%
0596漳州市
20%
0597龙岩市
20%
0598三明市
20%
0373新乡市
20%
0379洛阳市
20%
0599南平市
20%
0459大庆市
17%
0533淄博市
17%
0469双鸭山市
17%
0512苏州市
17%
0578丽水市
17%
0731长沙市/湘潭市/株洲市
17%
0711鄂州市
17%
0377南阳市
17%
0453牡丹江市
17%
0411大连市
17%
0412鞍山市
17%
0415丹东市
17%
0416锦州市
17%
0432吉林市
17%
0455绥化市
13%
0710襄阳市
13%
0523泰州市
13%
0527宿迁市
13%
0435通化市
13%
0434四平市
13%
0433延边朝鲜族自治州
13%
0546东营市
13%
0734衡阳市
13%
0421朝阳市
13%
0718恩施土家族苗族自治州
13%
0427盘锦市
13%
0519常州市
13%
0714黄石市
13%
0417营口市
13%
0712孝感市
13%
0376信阳市
13%
0370商丘市
13%
0510无锡市
13%
0539临沂市
13%
0518连云港市
13%
0757佛山市
13%
0457大兴安岭地区
13%
0517淮安市
13%
0476赤峰市
13%
0755深圳市
13%
0437辽源市
13%
0931兰州市
13%
0439白山市
13%
0468鹤岗市
13%
0513南通市
13%
0516徐州市
13%
0515盐城市
13%
0464七台河市
13%
0514扬州市
13%
0458伊春市
13%
0511镇江市
13%
0436白城市
13%
0668茂名市
10%
0716荆州市
10%
0715咸宁市
10%
0773桂林市
10%
0771南宁市/崇左市
10%
0772柳州市/来宾市
10%
0660汕尾市
10%
0713黄冈市
10%
0991乌鲁木齐市
10%
0692德宏傣族景颇族自治州
10%
0691西双版纳傣族自治州
10%
0758肇庆市
10%
0724荆门市
10%
0717宜昌市
10%
0754汕头市
10%
0753梅州市
10%
0752惠州市
10%
0751韶关市
10%
0746永州市
10%
0745怀化市
10%
0662阳江市
10%
0744张家界市
10%
0743湘西土家族苗族自治州
10%
0730岳阳市
10%
0719十堰市/神农架林区
10%
0739邵阳市
10%
0738娄底市
10%
0737益阳市
10%
0736常德市
10%
0735郴州市
10%
0374许昌市
10%
0728仙桃市/天门市/潜江市
10%
0722随州市
10%
0756珠海市
10%
0663揭阳市
10%
0763清远市
10%
0633日照市
10%
0483阿拉善盟
10%
0553芜湖市
10%
0552蚌埠市
10%
0551合肥市
10%
0543滨州市
10%
0530菏泽市
10%
0538泰安市
10%
0537济宁市
10%
0536潍坊市
10%
0534德州市
10%
0482兴安盟
10%
0555马鞍山市
10%
0470呼伦贝尔市
10%
0479锡林郭勒盟
10%
0478巴彦淖尔市
10%
0477鄂尔多斯市
10%
0438松原市
10%
0475通辽市
10%
0474乌兰察布市
10%
0473乌海市
10%
0467鸡西市
10%
0554淮南市
10%
0535烟台市
10%
0556安庆市
10%
0419辽阳市
10%
0631威海市
10%
0391焦作市/济源市
10%
0392鹤壁市
10%
0393濮阳市
10%
0394周口市
10%
0395漯河市
10%
0398三门峡市
10%
0418阜新市
10%
0396驻马店市
10%
0429葫芦岛市
10%
0561淮北市
10%
0558阜阳市/亳州市
10%
0559黄山市
10%
0550滁州市
10%
0562铜陵市
10%
0566池州市
10%
0564六安市
10%
0977海西蒙古族藏族自治州
7%
0976玉树藏族自治州
7%
0975果洛藏族自治州
7%
0970海北藏族自治州
7%
0898海南省(全省)
7%
0974海南藏族自治州
7%
0973黄南藏族自治州
7%
0972海东市
7%
0954固原市
7%
0635聊城市
7%
0971西宁市
7%
0932定西市
7%
0953吴忠市
7%
0952石嘴山市
7%
0951银川市
7%
0939陇南市
7%
0938天水市
7%
0937酒泉市/嘉峪关市
7%
0911延安市
7%
0915安康市
7%
0913渭南市
7%
0912榆林市
7%
0813自贡市
7%
0891拉萨市
7%
0816绵阳市
7%
0779北海市
7%
0760中山市
7%
0774梧州市/贺州市
7%
0769东莞市
7%
0775贵港市/玉林市
7%
0776百色市
7%
0777钦州市
7%
0778河池市
7%
0770防城港市
7%
0768潮州市
7%
0766云浮市
7%
0750江门市
7%
0762河源市
7%
0759湛江市
7%
0557宿州市
7%
0563宣城市
7%
0632枣庄市
7%
0917宝鸡市
3%
0919铜川市
3%
0916汉中市
3%
0933平凉市
3%
0914商洛市
3%
0934庆阳市
3%
0935武威市/金昌市
3%
0936张掖市
3%
0995吐鲁番市
3%
0943白银市
3%
0930临夏回族自治州
3%
0990克拉玛依市
3%
0996巴音郭楞蒙古自治州
3%
0997阿克苏地区
3%
0993石河子市
3%
0992伊犁哈萨克自治州(奎屯市)
3%
0998喀什地区
3%
0999伊犁哈萨克自治州
3%
0979海西蒙古族藏族自治州(格尔木市)
3%
0901塔城地区
3%
0941甘南藏族自治州
3%
0902哈密市
3%
0903和田地区
3%
0906阿勒泰地区
3%
0908克孜勒苏柯尔克孜自治州
3%
0896那曲市
3%
0955中卫市
3%
0994昌吉回族自治州
3%
0897阿里地区
3%
0837阿坝藏族羌族自治州
3%
0895昌都市
3%
0817南充市
3%
0836甘孜藏族自治州
3%
0835雅安市
3%
0834凉山彝族自治州
3%
0833乐山市
3%
0832内江市
3%
0831宜宾市
3%
0827巴中市
3%
0826广安市
3%
0825遂宁市
3%
0818达州市
3%
0812攀枝花市
3%
0839广元市
3%
0701鹰潭市
3%
0790新余市
3%
0799萍乡市
3%
0798景德镇市
3%
0797赣州市
3%
0796吉安市
3%
0795宜春市
3%
0794抚州市
3%
0793上饶市
3%
0792九江市
3%
0791南昌市
3%
0838德阳市
3%
0830泸州市
3%
0894林芝市
3%
0875保山市
3%
0893山南市
3%
0892日喀则市
3%
0888丽江市
3%
0887迪庆藏族自治州
3%
0886怒江傈僳族自治州
3%
0883临沧市
3%
0870昭通市
3%
0879普洱市
3%
0878楚雄彝族自治州
3%
0877玉溪市
3%
0876文山壮族苗族自治州
3%
0874曲靖市
3%
0851贵阳市
3%
0873红河哈尼族彝族自治州
3%
0872大理白族自治州
3%
0871昆明市
3%
0859黔西南布依族苗族自治州
3%
0858六盘水市
3%
0857毕节市
3%
0856铜仁市
3%
0855黔东南苗族侗族自治州
3%
0854黔南布依族苗族自治州
3%
0853安顺市
3%
0852遵义市
3%
0909博尔塔拉蒙古自治州
3%

Score Distribution

Percentile by Number Answered

Percent of People with Each Score

Your Score History

You have not taken this quiz